[Event "72nd RUS-ch Higher League 2019"]
[Site "Yaroslavl"]
[Date "2019.06.28"]
[Round "2.23"]
[White "Kardashevskiy, Evgeny"]
[Black "Alekseenko, Kirill"]
[Result "1/2-1/2"]
[WhiteElo "2429"]
[BlackElo "2650"]
[Annotator "TA"]
[PlyCount "82"]
[EventDate "2019.06.27"]
[EventType "swiss"]
[EventCountry "RUS"]
[SourceTitle "playchess.com"]
[Source "ChessBase"]
[SourceQuality "1"]

{[%evp 9,82,25,25,23,34,30,35,28,56,6,-2,1,5,-2,17,-24,-31,-22,-11,-38,-44,-43,-37,-55,-60,-70,-55,-59,-65,-79,-79,-107,-124,-187,-186,-175,-169,-186,-177,-172,-175,-182,-179,-181,-175,-211,-202,-189,-188,-189,-189,-266,-173,-162,-135,-124,-67,-67,-67,-64,-75,-87,-56,-48,0,0,-8,-8,-8,-8,0,-14,-14,-16,-8]} 1. d4 d6 2. Nf3 Nf6 3. c4 g6 4. Nc3 Bf5 5. Bg5 Bg7 6. e3 {E61: King's Indian: Early deviations for White, including Smyslov System} h6 7. Bh4 g5 (7... Nbd7 8. Nd2 Nf8 9. f4 c5 10. dxc5 dxc5 11. Be2 g5 12. fxg5 hxg5 13. Bxg5 {½-½ (32) Akobian,V (2661)-Ipatov,A (2662) Saint Louis 2017}) 8. Bg3 {White is slightly better.} Nh5 9. Nd2 Bg6 10. Be2 Nxg3 11. hxg3 Nd7 12. Bh5 $146 ({Predecessor:} 12. Rc1 c6 13. Nf3 Qa5 14. Bd3 Bxd3 15. Qxd3 c5 16. O-O cxd4 17. exd4 {1-0 (32) Meier,W (2134)-Pfitzer,N (2054) Halberstadt 2016}) 12... Bxh5 13. Qxh5 c5 $1 14. d5 Qa5 15. Rc1 Bxc3 16. Rxc3 Qxa2 17. Rb3 Ne5 {[%cal Bd7e5,Be5c4,Bc4d2][%mdl 32]} 18. Qd1 {[#]} b5 $1 {[%mdl 512]} 19. Rxb5 Nxc4 20. O-O O-O 21. Rb7 {[#]} (21. Nxc4 $17 Qxc4 22. Rb7) 21... Nxd2 $1 $19 ({Weaker is} 21... Nxb2 22. Qh5 $11) 22. Qxd2 {[#]} Rfe8 $1 23. Qd3 Rab8 24. Qb5 a6 25. Qb6 Rxb7 26. Qxb7 {[%mdl 4096] Endgame KQR-KQR} Qa4 27. b3 Qb5 28. Qxb5 axb5 {KR-KR} 29. Ra1 Kg7 30. f4 (30. e4 {was worth a try.}) 30... Kf6 31. e4 gxf4 32. gxf4 e5 (32... h5 $17 33. Kf2 h4) 33. Ra6 $1 $15 exf4 {White must now prevent ...Ke5.} 34. Rxd6+ {[#]} Ke5 $1 35. Rc6 Kd4 36. d6 $1 c4 37. bxc4 $1 {The position is equal.} bxc4 38. Kf2 Kd3 39. d7 Rd8 40. e5 c3 ({Don't blunder} 40... Rxd7 $2 41. Rd6+ Ke4 42. Rxd7 $18) 41. Rxh6 Kd4 {Accuracy: White = 59%, Black = 59%.} (41... c2 $5 42. Rd6+ $8 Ke4 $11) 1/2-1/2

[Event "72nd RUS-ch Higher League 2019"]
[Site "Yaroslavl"]
[Date "2019.06.28"]
[Round "2.24"]
[White "Ponkratov, Pavel"]
[Black "Vlasenko, Miroslav"]
[Result "1-0"]
[WhiteElo "2649"]
[BlackElo "2417"]
[Annotator "RC"]
[PlyCount "37"]
[EventDate "2019.06.27"]
[EventType "swiss"]
[EventCountry "RUS"]
[SourceTitle "playchess.com"]
[Source "ChessBase"]
[SourceQuality "1"]
[TimeControl "40/5400+30:1800+30"]

1. d4 {[%emt 0:00:00]} e6 {[%emt 0:00:00]} 2. e4 {[%emt 0:00:03]} d5 {[%emt 0:00:00]} 3. Nc3 {[%emt 0:00:04]} Nc6 {[%emt 0:00:00]} 4. e5 {[%emt 0:02:06]} Nge7 {[%emt 0:00:12]} 5. f4 {[%emt 0:03:38]} Nf5 {[%emt 0:01:49]} 6. Nf3 {[%emt 0:00:06]} h5 {[%emt 0:02:15]} 7. Ne2 {[%emt 0:06:01]} h4 {[%emt 0:01:55]} 8. c3 {[%emt 0:01:00]} Bd7 {[%emt 0:03:36]} 9. Neg1 {[%emt 0:04:58]} Na5 {[%emt 0:05:59]} 10. Bd3 {[%emt 0:02:15]} Be7 {[%emt 0:02:45]} 11. Ne2 {[%emt 0:00:09]} Nc4 {[%emt 0:02:38]} 12. Kf2 {[%emt 0:00:28]} c5 {[%emt 0:00:46]} 13. b3 {[%emt 0:00:20]} Na5 {[%emt 0:05:25]} 14. g4 {[%emt 0:03:02]} hxg3+ {[%emt 0:02:36]} 15. hxg3 {[%emt 0:00:04]} Rxh1 {[%emt 0:02:18]} 16. Qxh1 {[%emt 0:00:04]} cxd4 {[%emt 0:00:51]} 17. Bxf5 {[%emt 0:00:42]} exf5 {[%emt 0:00:19]} 18. Qh8+ {[%emt 0:00:07]} Bf8 {[%emt 0:00:05]} 19. Ba3 {[%emt 0:00:03]} 1-0

[Event "72nd RUS-ch Higher League 2019"]
[Site "Yaroslavl"]
[Date "2019.06.28"]
[Round "2.25"]
[White "Khismatullin, Denis"]
[Black "Sadovsky, Artem"]
[Result "1-0"]
[WhiteElo "2618"]
[BlackElo "2416"]
[Annotator "TA"]
[PlyCount "118"]
[EventDate "2019.06.27"]
[EventType "swiss"]
[EventCountry "RUS"]
[SourceTitle "playchess.com"]
[Source "ChessBase"]
[SourceQuality "1"]

{[%evp 9,118,13,15,16,32,11,14,17,12,4,11,6,23,13,23,25,20,12,58,46,59,29,45,0,0,0,0,-1,7,0,4,9,2,6,56,81,58,57,73,-102,-107,-92,764,0,0,0,0,0,0,0,0,0,0,0,66,0,0,0,0,0,6,0,327,323,307,288,443,432,625,515,798,790,931,920,908,891,848,825,1106,1080,1034,936,937,887,1074,1113,1101,1058,1109,1092,1074,1067,921,858,1073,1070,1032,1031,981,888,860,793,1180,1155,1063,1055,1499,1492,1345,1344,1039]} 1. e4 e5 2. Nf3 Nc6 3. Bc4 Nf6 4. d3 Bc5 5. O-O O-O 6. a4 {C50: Hungarian Defence and Giuoco Pianissimo} a5 7. Re1 d6 8. c3 {The position is equal.} h6 9. Nbd2 Be6 10. b3 Qb8 $146 ({Predecessor:} 10... Ne7 11. d4 exd4 12. cxd4 Ba7 13. Bf1 d5 {1-0 (32) Mamedov,R (2703)-Valsecchi,A (2497) Skopje 2018}) 11. Ra2 {[%cal Ba1a2,Ba2d2,Bd2d3,Bd3g3][%mdl 32]} Qa7 12. Nf1 Rad8 13. Ng3 Qb6 14. Rd2 Rfe8 15. Bxe6 (15. d4 {seems wilder.} Bxc4 16. bxc4 exd4 17. cxd4 Bb4 18. Rb2) 15... fxe6 16. d4 exd4 17. b4 $1 {[%cal Rb4c5]} dxc3 18. bxc5 Qxc5 19. Rd3 {Hoping for Qb3.} Nb4 $36 {[%mdl 2048] Black has the initiative.} 20. Ba3 {Black must now prevent Qb3.} Ng4 $1 {[%cal Rg4f2]} 21. Nh1 {Threatening Qb3.} Ne5 22. Nxe5 Qxe5 23. Rg3 d5 {[#]} 24. exd5 $2 (24. f4 $1 $16 {[%cal Rf4e5][%mdl 512]} Qf6 (24... Qxf4 25. Qd4) 25. e5 Qxf4 26. Rxc3) 24... Rxd5 $17 25. Qc1 {[#]} Qxe1+ $1 {[%mdl 512]} 26. Qxe1 $11 c2 $1 27. Rxg7+ {[%mdl 64] Decoy} Kxg7 28. Qc3+ {[%mdl 64] Double Attack} Kf7 {( -> ...Rd1+)} 29. Qxc7+ Re7 $1 {[%cal Rd5d1]} 30. Qf4+ {[%mdl 64] Double Attack} Ke8 {[%cal Rd5d1]} 31. g4 {And now Kg2 would win.} Rd1+ 32. Kg2 Ra1 $1 {[%cal Ra1a3]} 33. Qb8+ ({Wrong is} 33. Qxh6 $2 Rxa3 34. Ng3 Kd7 $19) 33... Kf7 34. Bb2 {aiming for Qe5.} Nd3 (34... Rb1 $5 {[%cal Rb1b2]} 35. Qf4+ Kg8 36. Qb8+ (36. Qxh6 Rxb2 37. Qg6+ Rg7 $11) 36... Kf7 37. Qf4+ Ke8 $11) 35. Qh8 Nxb2 $4 {[%mdl 8192]} (35... Rd7 $1 $11 {and Black stays safe.}) 36. Qh7+ $18 {[%mdl 64] Double Attack} Kf8 37. Qxc2 Nxa4 (37... Rxa4 {is a better defense.} 38. Qxb2 Rxg4+ 39. Kh3 Rgg7) 38. Ng3 {White is clearly winning.} b5 (38... Nb6 $142 39. Qb2 {[%mdl 64] Double Attack} Ra4 40. Qxb6 Rxg4 41. Qxa5 Kf7) 39. Qc8+ Re8 (39... Kf7 $142 40. Qh8 {[%mdl 64] Double Attack} Rd1) 40. Qc7 Rd1 41. Nh5 {[%csl Gh5][%cal Rc7g7]} Re7 42. Qb8+ Kf7 43. Qf4+ Ke8 44. Nf6+ Kf7 45. Nd5+ Ke8 46. Qb8+ Kf7 47. Nxe7 Kxe7 48. Qxb5 {[%mdl 4096] Endgame KQ-KRN} Rd4 49. h3 Kd6 50. Qxa5 Nc5 51. Qd8+ Ke5 52. Qh8+ Kd5 53. Qxh6 Nd3 54. Kg3 e5 55. h4 Nf4 56. h5 Rd3+ 57. Kh4 Rf3 58. Qb6 Rh3+ 59. Kg5 Ne6+ {Accuracy: White = 71%, Black = 45%.} 1-0

[Event "72nd RUS-ch Higher League 2019"]
[Site "Yaroslavl"]
[Date "2019.06.28"]
[Round "2.26"]
[White "Kobalia, Mikhail"]
[Black "Bykov, Oleg"]
[Result "1/2-1/2"]
[WhiteElo "2608"]
[BlackElo "2401"]
[Annotator "RC"]
[PlyCount "82"]
[EventDate "2019.06.27"]
[EventType "swiss"]
[EventCountry "RUS"]
[SourceTitle "playchess.com"]
[Source "ChessBase"]
[SourceQuality "1"]
[TimeControl "40/5400+30:1800+30"]

1. e4 {[%emt 0:00:00]} e6 {[%emt 0:00:00]} 2. d4 {[%emt 0:00:05]} d5 {[%emt 0:00:00]} 3. Nc3 {[%emt 0:00:29]} Nf6 {[%emt 0:00:00]} 4. e5 {[%emt 0:00:35]} Nfd7 {[%emt 0:00:00]} 5. f4 {[%emt 0:00:03]} c5 {[%emt 0:00:05]} 6. Nf3 {[%emt 0:00:04]} Nc6 {[%emt 0:00:06]} 7. Be3 {[%emt 0:00:59]} cxd4 {[%emt 0:00:26]} 8. Nxd4 {[%emt 0:00:05]} Bc5 {[%emt 0:00:27]} 9. Qd2 {[%emt 0:00:55]} O-O {[%emt 0:00:34]} 10. O-O-O {[%emt 0:00:11]} a6 {[%emt 0:01:02]} 11. Kb1 {[%emt 0:05:42]} Nxd4 {[%emt 0:02:14]} 12. Bxd4 {[%emt 0:00:04]} b5 {[%emt 0:00:46]} 13. h4 {[%emt 0:08:52]} b4 {[%emt 0:02:28]} 14. Na4 {[%emt 0:05:05]} Bxd4 {[%emt 0:00:18]} 15. Qxd4 {[%emt 0:00:05]} Qa5 {[%emt 0:08:02]} 16. b3 {[%emt 0:02:10]} Bb7 {[%emt 0:00:36]} 17. h5 {[%emt 0:11:03]} Bc6 {[%emt 0:13:08]} 18. Nb2 {[%emt 0:00:05]} Bb5 {[%emt 0:15:01]} 19. f5 {[%emt 0:05:45]} Rfc8 {[%emt 0:07:38]} 20. Bd3 {[%emt 0:10:16]} Qc7 {[%emt 0:03:05]} 21. fxe6 {[%emt 0:01:38]} fxe6 {[%emt 0:00:48]} 22. Qg4 {[%emt 0:00:16]} Nc5 {[%emt 0:12:26]} 23. h6 {[%emt 0:02:31]} g6 {[%emt 0:16:57]} 24. Qxb4 {[%emt 0:01:33]} Qxe5 {[%emt 0:02:55]} 25. Rde1 {[%emt 0:01:39]} Qf6 {[%emt 0:03:17]} 26. Qd2 {[%emt 0:15:31]} Rf8 {[%emt 0:05:33]} 27. Qe3 {[%emt 0:02:18]} Rac8 {[%emt 0:00:25]} 28. Rhf1 {[%emt 0:01:32]} Qe7 {[%emt 0:02:10]} 29. Rxf8+ {[%emt 0:09:05]} Rxf8 {[%emt 0:00:16]} 30. Qe5 {[%emt 0:00:02]} Qf6 {[%emt 0:01:32]} 31. Qd6 {[%emt 0:01:03]} Bxd3 {[%emt 0:00:45]} 32. cxd3 {[%emt 0:02:54]} Qd4 {[%emt 0:00:41]} 33. Rc1 {[%emt 0:01:14]} Rf2 {[%emt 0:02:11]} 34. Qd8+ {[%emt 0:00:21]} Kf7 {[%emt 0:00:17]} 35. Qc7+ {[%emt 0:00:02]} Ke8 {[%emt 0:00:29]} 36. Qb8+ {[%emt 0:01:08]} Ke7 {[%emt 0:00:46]} 37. Qa7+ {[%emt 0:00:12]} Kd6 {[%emt 0:00:26]} 38. Qb8+ {[%emt 0:06:10]} Ke7 {[%emt 0:00:12]} 39. Qa7+ {[%emt 0:00:20]} Kd6 {[%emt 0:00:05]} 40. Qb8+ {[%emt 0:00:00]} Ke7 {[%emt 0:00:00]} 41. Qa7+ {[%emt 0:02:54]} Kd6 {[%emt 0:03:45]} 1/2-1/2

[Event "72nd RUS-ch Higher League 2019"]
[Site "Yaroslavl"]
[Date "2019.06.28"]
[Round "2.27"]
[White "Belozerov, Andrei"]
[Black "Truskavetsky, Alexandr"]
[Result "1/2-1/2"]
[WhiteElo "2533"]
[BlackElo "2398"]
[Annotator "ChessBase"]
[PlyCount "80"]
[EventDate "2019.06.27"]
[EventType "swiss"]
[EventCountry "RUS"]
[SourceTitle "playchess.com"]
[Source "ChessBase"]
[SourceQuality "1"]
[TimeControl "40/5400+30:1800+30"]

1. e4 {[%emt 0:03:16]} c6 {[%emt 0:01:10]} 2. d4 {[%emt 0:00:18]} d5 {[%emt 0:00:06]} 3. Nd2 {[%emt 0:00:08]} dxe4 {[%emt 0:00:27]} 4. Nxe4 {[%emt 0:00:09]} Nf6 {[%emt 0:00:43]} 5. Nxf6+ {[%emt 0:00:09]} exf6 {[%emt 0:00:10]} 6. c3 {[%emt 0:00:09]} Bd6 {[%emt 0:00:16]} 7. Bd3 {[%emt 0:00:10]} O-O {[%emt 0:00:13]} 8. Qc2 {[%emt 0:00:07]} Re8+ {[%emt 0:00:21]} 9. Ne2 {[%emt 0:00:08]} g6 {[%emt 0:03:40]} 10. h4 {[%emt 0:00:12]} Be6 {[%emt 0:01:31]} 11. h5 {[%emt 0:04:17]} f5 {[%emt 0:02:52]} 12. hxg6 {[%emt 0:01:21]} fxg6 {[%emt 0:00:05]} 13. Bh6 {[%emt 0:00:56]} Qf6 {[%emt 0:04:57]} 14. O-O-O {[%emt 0:09:17]} Nd7 {[%emt 0:01:35]} 15. Nf4 {[%emt 0:01:44]} Bf7 {[%emt 0:11:27]} 16. Kb1 {[%emt 0:00:46]} b5 {[%emt 0:17:07]} 17. Rdg1 {[%emt 0:07:46]} b4 {[%emt 0:14:42]} 18. g4 {[%emt 0:03:02]} Bxf4 {[%emt 0:05:01]} 19. gxf5 {[%emt 0:12:17]} Bxh6 {[%emt 0:00:24]} 20. Rxh6 {[%emt 0:00:10]} Nf8 {[%emt 0:05:54]} 21. fxg6 {[%emt 0:03:52]} hxg6 {[%emt 0:01:02]} 22. Bxg6 {[%emt 0:00:25]} Re1+ {[%emt 0:02:34]} 23. Rxe1 {[%emt 0:01:05]} Bxg6 {[%emt 0:00:54]} 24. Ka1 {[%emt 0:03:03]} Kg7 {[%emt 0:03:29]} 25. Qd2 {[%emt 0:01:05]} bxc3 {[%emt 0:01:48]} 26. bxc3 {[%emt 0:00:10]} c5 {[%emt 0:00:51]} 27. Rhh1 {[%emt 0:04:37]} Rd8 {[%emt 0:06:23]} 28. Qh6+ {[%emt 0:05:08]} Kf7 {[%emt 0:04:47]} 29. Rh4 {[%emt 0:02:56]} Ne6 {[%emt 0:01:01]} 30. Rg4 {[%emt 0:03:30]} cxd4 {[%emt 0:01:03]} 31. Rxg6 {[%emt 0:08:31]} Qxg6 {[%emt 0:00:05]} 32. Qxg6+ {[%emt 0:00:07]} Kxg6 {[%emt 0:00:05]} 33. Rxe6+ {[%emt 0:00:05]} Kf5 {[%emt 0:00:05]} 34. Re1 {[%emt 0:00:09]} dxc3 {[%emt 0:02:40]} 35. Rc1 {[%emt 0:00:22]} Rc8 {[%emt 0:01:36]} 36. Kb1 {[%emt 0:00:47]} Rb8+ {[%emt 0:00:11]} 37. Kc2 {[%emt 0:00:26]} Rb2+ {[%emt 0:00:05]} 38. Kxc3 {[%emt 0:00:08]} Rxa2 {[%emt 0:00:05]} 39. Rc2 {[%emt 0:00:16]} Rxc2+ {[%emt 0:00:10]} 40. Kxc2 {[%emt 0:00:00]} Kf4 {[%emt 0:00:00]} 1/2-1/2

[Event "72nd RUS-ch Higher League 2019"]
[Site "Yaroslavl"]
[Date "2019.06.28"]
[Round "2.28"]
[White "Kanter, Eduard"]
[Black "Yanchenko, Roman"]
[Result "0-1"]
[WhiteElo "2392"]
[BlackElo "2478"]
[Annotator "ChessBase"]
[PlyCount "94"]
[EventDate "2019.06.27"]
[EventType "swiss"]
[EventCountry "RUS"]
[SourceTitle "playchess.com"]
[Source "ChessBase"]
[SourceQuality "1"]
[TimeControl "40/5400+30:1800+30"]

1. d4 {[%emt 0:00:31]} Nf6 {[%emt 0:00:00]} 2. c4 {[%emt 0:00:06]} e6 {[%emt 0:00:00]} 3. Nf3 {[%emt 0:00:20]} d5 {[%emt 0:00:00]} 4. g3 {[%emt 0:00:29]} Bb4+ {[%emt 0:00:00]} 5. Nc3 {[%emt 0:00:14]} O-O {[%emt 0:00:20]} 6. Bg2 {[%emt 0:00:17]} Nbd7 {[%emt 0:02:41]} 7. Qb3 {[%emt 0:05:20]} Bxc3+ {[%emt 0:07:28]} 8. Qxc3 {[%emt 0:02:50]} Ne4 {[%emt 0:03:39]} 9. Qc2 {[%emt 0:00:33]} c6 {[%emt 0:00:15]} 10. O-O {[%emt 0:00:14]} f5 {[%emt 0:01:44]} 11. b3 {[%emt 0:03:58]} Qf6 {[%emt 0:03:35]} 12. Bb2 {[%emt 0:04:42]} h5 {[%emt 0:08:23]} 13. Ne5 {[%emt 0:24:21]} h4 {[%emt 0:01:08]} 14. Bxe4 {[%emt 0:05:28]} fxe4 {[%emt 0:01:50]} 15. f4 {[%emt 0:07:35]} Qh6 {[%emt 0:11:45]} 16. Qc3 {[%emt 0:15:39]} hxg3 {[%emt 0:03:48]} 17. Qxg3 {[%emt 0:00:23]} Rf5 {[%emt 0:01:49]} 18. Ng4 {[%emt 0:04:05]} Qh7 {[%emt 0:02:03]} 19. Kh1 {[%emt 0:02:00]} Nf6 {[%emt 0:00:38]} 20. Nxf6+ {[%emt 0:01:10]} Rxf6 {[%emt 0:00:03]} 21. Rg1 {[%emt 0:00:18]} Bd7 {[%emt 0:00:40]} 22. Ba3 {[%emt 0:00:17]} Rh6 {[%emt 0:11:12]} 23. Rg2 {[%emt 0:03:00]} Be8 {[%emt 0:05:21]} 24. Be7 {[%emt 0:05:38]} Bg6 {[%emt 0:05:30]} 25. h4 {[%emt 0:08:54]} Bf5 {[%emt 0:06:09]} 26. Bg5 {[%emt 0:01:39]} Rh5 {[%emt 0:00:04]} 27. Bf6 {[%emt 0:01:20]} g6 {[%emt 0:00:28]} 28. e3 {[%emt 0:00:54]} Qf7 {[%emt 0:00:17]} 29. Be5 {[%emt 0:00:27]} Qe7 {[%emt 0:02:25]} 30. Rh2 {[%emt 0:00:06]} Rf8 {[%emt 0:00:17]} 31. c5 {[%emt 0:00:58]} Rf7 {[%emt 0:00:18]} 32. Kg2 {[%emt 0:00:40]} Rfh7 {[%emt 0:00:05]} 33. Rah1 {[%emt 0:00:25]} b6 {[%emt 0:00:50]} 34. Bd6 {[%emt 0:00:26]} Qd8 {[%emt 0:02:14]} 35. b4 {[%emt 0:01:17]} b5 {[%emt 0:00:22]} 36. Kf2 {[%emt 0:00:28]} a5 {[%emt 0:00:05]} 37. a3 {[%emt 0:00:33]} axb4 {[%emt 0:00:17]} 38. axb4 {[%emt 0:00:01]} Ra7 {[%emt 0:00:02]} 39. Qg1 {[%emt 0:01:07]} Ra4 {[%emt 0:00:47]} 40. Kg3 {[%emt 0:00:00]} Qa8 {[%emt 0:00:00]} 41. Rb2 {[%emt 0:02:30]} Ra3 {[%emt 0:17:21]} 42. Rhh2 {[%emt 0:03:13]} Rh7 {[%emt 0:00:17]} 43. Kf2 {[%emt 0:07:10]} Rxe3 {[%emt 0:00:23]} 44. Qg5 {[%emt 0:03:32]} Rf3+ {[%emt 0:02:04]} 45. Kg2 {[%emt 0:00:40]} Ra7 {[%emt 0:00:26]} 46. Rh1 {[%emt 0:05:46]} Ra2 {[%emt 0:00:07]} 47. Rhb1 {[%emt 0:00:21]} Rb3 {[%emt 0:00:06]} 0-1

[Event "72nd RUS-ch Higher League 2019"]
[Site "Yaroslavl"]
[Date "2019.06.28"]
[Round "2.29"]
[White "Airapetian, Gor"]
[Black "Lesovoi, Evgenij"]
[Result "1/2-1/2"]
[WhiteElo "2442"]
[BlackElo "2366"]
[Annotator "NA"]
[PlyCount "154"]
[EventDate "2019.06.27"]
[EventType "swiss"]
[EventCountry "RUS"]
[SourceTitle "playchess.com"]
[Source "ChessBase"]
[SourceQuality "1"]
[TimeControl "40/5400+30:1800+30"]

1. d4 {[%emt 0:00:00]} Nf6 {[%emt 0:00:00]} 2. c4 {[%emt 0:00:00]} e6 {[%emt 0:00:02]} 3. Nf3 {[%emt 0:00:00]} b6 {[%emt 0:00:12]} 4. g3 {[%emt 0:00:17]} Ba6 {[%emt 0:00:24]} 5. Qc2 {[%emt 0:00:26]} Bb7 {[%emt 0:03:18]} 6. Bg2 {[%emt 0:00:57]} c5 {[%emt 0:00:38]} 7. d5 {[%emt 0:04:10]} exd5 {[%emt 0:03:54]} 8. cxd5 {[%emt 0:02:41]} Nxd5 {[%emt 0:00:36]} 9. O-O {[%emt 0:00:34]} Nb4 {[%emt 0:12:05]} 10. Qb3 {[%emt 0:11:30]} Bd5 {[%emt 0:17:40]} 11. Qd1 {[%emt 0:13:59]} Bc6 {[%emt 0:07:25]} 12. Nc3 {[%emt 0:02:53]} Be7 {[%emt 0:00:53]} 13. Bf4 {[%emt 0:05:40]} O-O {[%emt 0:10:37]} 14. a3 {[%emt 0:01:21]} N4a6 {[%emt 0:00:06]} 15. Nd5 {[%emt 0:00:48]} Re8 {[%emt 0:06:50]} 16. Ne5 {[%emt 0:09:09]} Bg5 {[%emt 0:05:16]} 17. Qb3 {[%emt 0:11:05]} b5 {[%emt 0:11:46]} 18. Nxc6 {[%emt 0:14:26]} dxc6 {[%emt 0:00:28]} 19. Rfd1 {[%emt 0:03:52]} Bxf4 {[%emt 0:01:46]} 20. Nxf4 {[%emt 0:00:29]} Qf6 {[%emt 0:00:31]} 21. a4 {[%emt 0:02:27]} c4 {[%emt 0:00:13]} 22. Qc2 {[%emt 0:01:11]} Nc7 {[%emt 0:05:41]} 23. axb5 {[%emt 0:02:16]} Nxb5 {[%emt 0:00:10]} 24. Qxc4 {[%emt 0:06:10]} Qxb2 {[%emt 0:00:43]} 25. Rab1 {[%emt 0:03:10]} Qe5 {[%emt 0:01:46]} 26. Rb3 {[%emt 0:01:01]} Rf8 {[%emt 0:01:42]} 27. Re3 {[%emt 0:01:23]} Qf6 {[%emt 0:00:08]} 28. Qc5 {[%emt 0:01:28]} g6 {[%emt 0:03:18]} 29. h4 {[%emt 0:00:25]} a5 {[%emt 0:03:16]} 30. Rb3 {[%emt 0:00:38]} Ra6 {[%emt 0:00:52]} 31. Nd5 {[%emt 0:00:24]} cxd5 {[%emt 0:00:18]} 32. Rxb5 {[%emt 0:00:12]} a4 {[%emt 0:00:50]} 33. Bxd5 {[%emt 0:00:47]} Nd7 {[%emt 0:01:03]} 34. Qb4 {[%emt 0:00:33]} Ne5 {[%emt 0:01:51]} 35. Ra5 {[%emt 0:00:24]} Ng4 {[%emt 0:00:38]} 36. Bf3 {[%emt 0:00:38]} Rxa5 {[%emt 0:00:09]} 37. Qxa5 {[%emt 0:00:05]} Ne5 {[%emt 0:00:05]} 38. Bd5 {[%emt 0:00:34]} Ng4 {[%emt 0:00:21]} 39. Bf3 {[%emt 0:00:32]} Ne5 {[%emt 0:00:02]} 40. Bd5 {[%emt 0:00:00]} Ng4 {[%emt 0:00:00]} 41. Qa7 {[%emt 0:08:53]} Re8 {[%emt 0:05:23]} 42. Rd3 {[%emt 0:06:50]} Re7 {[%emt 0:08:10]} 43. Qa8+ {[%emt 0:08:25]} Kg7 {[%emt 0:00:06]} 44. Rf3 {[%emt 0:02:25]} Qd4 {[%emt 0:04:29]} 45. Kg2 {[%emt 0:01:46]} Rd7 {[%emt 0:04:15]} 46. Ba2 {[%emt 0:03:34]} Ra7 {[%emt 0:00:48]} 47. Qb8 {[%emt 0:00:33]} h5 {[%emt 0:03:20]} 48. Rf4 {[%emt 0:01:00]} Qc5 {[%emt 0:00:15]} 49. Qe8 {[%emt 0:00:48]} Nf6 {[%emt 0:02:51]} 50. Qd8 {[%emt 0:00:02]} Qc6+ {[%emt 0:00:24]} 51. f3 {[%emt 0:01:57]} a3 {[%emt 0:02:54]} 52. Qd4 {[%emt 0:00:21]} Re7 {[%emt 0:00:12]} 53. Kf2 {[%emt 0:00:48]} Qa6 {[%emt 0:01:21]} 54. Bc4 {[%emt 0:00:12]} Qa7 {[%emt 0:00:45]} 55. Ba2 {[%emt 0:00:46]} Qxd4+ {[%emt 0:03:09]} 56. Rxd4 {[%emt 0:00:01]} Ra7 {[%emt 0:00:08]} 57. Ke3 {[%emt 0:00:13]} Nd7 {[%emt 0:00:11]} 58. Rd3 {[%emt 0:01:00]} Nc5 {[%emt 0:01:07]} 59. Rc3 {[%emt 0:00:11]} Ra5 {[%emt 0:00:15]} 60. Kd4 {[%emt 0:00:44]} Ne6+ {[%emt 0:01:17]} 61. Kc4 {[%emt 0:00:05]} g5 {[%emt 0:00:59]} 62. Kb4 {[%emt 0:00:48]} Re5 {[%emt 0:00:19]} 63. e3 {[%emt 0:00:56]} gxh4 {[%emt 0:00:21]} 64. gxh4 {[%emt 0:00:27]} Rf5 {[%emt 0:00:54]} 65. f4 {[%emt 0:00:36]} Nxf4 {[%emt 0:00:19]} 66. exf4 {[%emt 0:00:24]} Rxf4+ {[%emt 0:00:01]} 67. Kxa3 {[%emt 0:00:24]} Rxh4 {[%emt 0:00:06]} 68. Rf3 {[%emt 0:00:37]} f6 {[%emt 0:00:05]} 69. Kb3 {[%emt 0:00:10]} Rg4 {[%emt 0:00:26]} 70. Kc3 {[%emt 0:00:46]} h4 {[%emt 0:00:20]} 71. Rf2 {[%emt 0:00:13]} h3 {[%emt 0:01:25]} 72. Bd5 {[%emt 0:00:15]} Kg6 {[%emt 0:00:28]} 73. Kd3 {[%emt 0:00:41]} Kg5 {[%emt 0:00:14]} 74. Ke3 {[%emt 0:00:41]} f5 {[%emt 0:00:13]} 75. Rb2 {[%emt 0:00:43]} Ra4 {[%emt 0:00:18]} 76. Bf3 {[%emt 0:00:21]} Ra1 {[%emt 0:00:33]} 77. Rc2 {[%emt 0:00:41]} Kf6 {Ke4 Ke5+} 1/2-1/2

[Event "72nd RUS-ch Higher League 2019"]
[Site "Yaroslavl"]
[Date "2019.06.29"]
[Round "3.1"]
[White "Predke, Alexandr"]
[Black "Timofeev, Artyom"]
[Result "1-0"]
[WhiteElo "2632"]
[BlackElo "2608"]
[Annotator "TA"]
[PlyCount "47"]
[EventDate "2019.06.27"]
[EventType "swiss"]
[EventCountry "RUS"]
[SourceTitle "playchess.com"]
[Source "ChessBase"]
[SourceQuality "1"]

{[%evp 10,47,18,7,13,-2,10,1,16,0,14,18,19,20,21,15,34,29,17,17,72,72,66,52,99,104,91,62,50,63,72,56,573,551,29993,29994,29994,29995,29998,29999]} 1. e4 c5 2. Nc3 Nc6 3. Bb5 Nd4 4. Nf3 e6 5. O-O a6 6. Bd3 Nc6 {B30: Sicilian: 2...Nc6 3 Bb5, lines without ...g6} 7. e5 (7. a3 b5 8. Re1 Bb7 9. Bf1 Nf6 10. d4 cxd4 11. Nxd4 Nxd4 12. Qxd4 Qc7 13. e5 Nd5 14. Nxd5 Bxd5 {½-½ (65) Guseinov,G (2664)-Saric,I (2690) chess.com INT 2019}) 7... d5 8. exd6 $1 Bxd6 {The position is equal.} 9. Re1 Nf6 10. Ne4 Be7 11. Nxf6+ $146 ({Predecessor:} 11. Qe2 Nd5 12. Bc4 O-O 13. d3 {0-1 (48) Heinisch,W (1860)-Khalakhan,J (2236) Leitersdorf 2016}) 11... Bxf6 12. Be4 Bd7 13. c3 O-O 14. d3 b5 (14... Na5 $11) 15. Be3 $16 Qe7 16. a4 b4 17. cxb4 cxb4 18. Rc1 {[%cal Ba1c1,Bc1c4,Bc4h4][%mdl 32]} Bxb2 19. Bc5 Qe8 20. Rc4 $1 $36 {[%mdl 2048] Black is under pressure.} Bc3 $2 {[%mdl 8192]} (20... h6 $1 $14) 21. Bxh7+ $1 $18 Kxh7 {[#]} 22. Ng5+ $1 {White mates.} Kg6 {[#]} 23. Rh4 $1 e5 24. Nh7 {Accuracy: White = 83%, Black = 37%.} 1-0